| Tag |
First Indicator |
Second Indicator |
Subfields |
| LEADER |
00000cam a2200000 4500 |
| 001 |
in00000028186 |
| 005 |
20151007060020.0 |
| 008 |
730312s1909 enkf 00010 eng |
| 010 |
|
|
|a 10010717
|
| 035 |
|
|
|a (OCoLC)00576223
|
| 035 |
|
|
|9 AAB9879AM
|
| 040 |
|
|
|a DLC
|c KSU
|d m.c.
|d OCL
|d TXA
|d UtOrBLW
|
| 049 |
|
|
|a TXAM
|c [A07953861]
|
| 050 |
0 |
0 |
|a DT57
|b .E5 vol. 17
|
| 100 |
1 |
|
|a Petrie, W. M. Flinders
|q (William Matthew Flinders),
|d 1853-1942.
|
| 245 |
1 |
4 |
|a The palace of Apries (Memphis II) /
|c by W.M. Flinders Petrie ... with a chapter by Dr. J.H. Walker.
|
| 264 |
|
1 |
|a London :
|b School of archaeology in Egypt, University college [etc.],
|c 1909.
|
| 300 |
|
|
|a 25 pages xxxiv (i. r. 35) plate ;
|c 32 x 25 cm.
|
| 336 |
|
|
|a text
|b txt
|2 rdacontent
|
| 337 |
|
|
|a unmediated
|b n
|2 rdamedia
|
| 338 |
|
|
|a volume
|b nc
|2 rdacarrier
|
| 490 |
1 |
|
|a Publications of the Egyptian Research Account ;
|v v. 17
|
| 500 |
|
|
|a At head of title: British School of Archaeology in Egypt and Egyptian Research Account, fifteenth year, 1909.
|
| 651 |
|
0 |
|a Memphis (Extinct city)
|
| 650 |
|
0 |
|a Palaces
|z Egypt.
|
| 700 |
1 |
|
|a Walker, J. H.
|
| 830 |
|
0 |
|a Publications of the Egyptian Research Account and British School of Archaeology in Egypt ;
|v v. 17.
|
| 999 |
|
|
|a MARS
|
| 999 |
f |
f |
|s 9da70a11-6370-3b3f-acc5-ceecb2e749cf
|i b5f2ae98-7467-39b5-a40d-a15fe1a7aaa3
|t 0
|
| 952 |
f |
f |
|p ric
|a Texas A&M University
|b Rellis Campus
|c Joint Library Facility
|d Remote Storage
|t 0
|e DT57 .E5 v.17
|h Library of Congress classification
|i unmediated -- volume
|m A14807953861
|
| 998 |
f |
f |
|a DT57 .E5 v.17
|t 0
|l Remote Storage
|